Troubled diversity : (Record no. 92297)

MARC details
000 -LEADER
fixed length control field 00668nam a22002057a 4500
005 - DATE AND TIME OF LATEST TRANSACTION
control field 20150410123038.0
010 ## - LCCN (DPL NO)
LC control number ENG-112403
020 ## - INTERNATIONAL STANDARD BOOK NUMBER
International Standard Book Number 9780199453337
Terms of availability 795.00
020 ## - INTERNATIONAL STANDARD BOOK NUMBER
International Standard Book Number 199453330
Terms of availability 795.00
035 ## - SYSTEM CONTROL NUMBER
System control number EN-95935
037 ## - SOURCE OF ACQUISITION
Source of stock number/acquisition DBAD/PUB
082 ## - DEWEY DECIMAL CLASSIFICATION NUMBER
Classification number 954.1605
245 ## - TITLE STATEMENT
Title Troubled diversity :
Statement of responsibility, etc edited by Sandhya Goswami
Remainder of title the political process in Northeast India /
260 ## - PUBLICATION, DISTRIBUTION, ETC. (IMPRINT)
Place of publication, distribution, etc New Delhi
Name of publisher, distributor, etc Oxford University Press
Date of publication, distribution, etc 2015
270 ## - ADDRESS
Address YMCA Library Building, 1 Jai Singh Road,
City New Delhi
Postal code 110001
300 ## - PHYSICAL DESCRIPTION
Extent xxxi,239p.
Dimensions 23cm(Hb)
500 ## - GENERAL NOTE
General note Includes index
700 ## - ADDED ENTRY--PERSONAL NAME
Personal name Goswami, Sandhya
942 ## - ADDED ENTRY ELEMENTS (KOHA)
Source of classification or shelving scheme Dewey Decimal Classification
Item type English Books
Call number suffix TRO
Classification part 954.1605
Holdings
Withdrawn status Lost status Not for loan Collection code Home library Current library Date acquired Source of acquisition Cost, normal purchase price Full call number Barcode Copy number Cost, replacement price Koha item type
    Not For Loan Non-fiction D.B.Act.Division D.B.Act.Division 18/03/2015 DBAD/PUB 795.00 954.1605 TRO EN-95935 1 795.00 English Books

© Delhi Public Library
Hit Counter
free hit counter